LEADER 02548nam 22005173 450 001 9910985692403321 005 20240907060232.0 010 $a9782140177972 010 $a2140177975 035 $a(CKB)4100000011953770 035 $a(VLeBooks)9782336928715 035 $a(MiAaPQ)EBC31644797 035 $a(Au-PeEL)EBL31644797 035 $a(Exl-AI)31644797 035 $a(OCoLC)1492927788 035 $a(EXLCZ)994100000011953770 100 $a20240907d2021 uy 0 101 0 $aeng 135 $aurcnu|||||||| 181 $ctxt$2rdacontent 182 $cc$2rdamedia 183 $acr$2rdacarrier 200 10$aFall to the Abyss $eTunisia from Revolution to Pandemic 205 $a1st ed. 210 1$aParis :$cEditions L'Harmattan,$d2021. 210 4$d©2021. 215 $a1 online resource (1 p.) 225 $aSocio-anthropologie des mondes mediterraneens 311 08$a9782336928715 311 08$a233692871X 311 08$a9782343231754 311 08$a2343231753 330 $aThis essay shows that the covid 19 has become a social phenomenon that deeply imprints individual and collective behaviours, both in social distancing and in solid laarity. He interprets the pandemic as a radical change, an unprecedented shift in the course of societies. This Coronavirage is an opportunity for the author to examine, from Tunisia, another order of the world.Tunisian society is apprehended in a new geopolitical framework : its links with the United States and its allies in the Near East, in a context of American-Chinese rivalries and the weakening of Europe. Tunisia is revealed in its internal logic of response to the pandemic, notably by the persistence of political and financial corruption, as well as by the resurgence of the parallel market and informal practices. In this perspective, the author in respondent to a new project of social and solidarity economy, which would take place in the construction of a third sector, in complementarity with the respondent to the private sector, to replace the current informal and clandestine practices. 410 0$aSocio-Anthropologie des Mondes Méditerranéens Series 606 $aCOVID-19 Pandemic, 2020-2023$7Generated by AI 606 $aTunisia$7Generated by AI 615 0$aCOVID-19 Pandemic, 2020-2023 615 0$aTunisia. 700 $aLaroussi$b Houda$01779515 801 0$bMiAaPQ 801 1$bMiAaPQ 801 2$bMiAaPQ 906 $aBOOK 912 $a9910985692403321 996 $aFall to the Abyss$94332906 997 $aUNINA